Statistics for Florida Cities by Picture

Click here to take the quiz!

General Stats

  • This quiz has been taken 52 times
  • The average score is 7 of 9

Answer Stats

Answer% Correct
Orlando
100%
Miami
98%
Tampa
96%
Jacksonville
87%
Daytona
83%
Tallahassee
80%
Key West
59%
St Augustine
54%
Sarasota
30%

Score Distribution

Percentile by Number Answered

Percent of People with Each Score

Your Score History

You have not taken this quiz